ბათუმის შოთა რუსთაველის სახელმწიფო უნივერსიტეტის ბიბლიოთეკა

წიგნი პირველი. (ბიბ.ჩანაწერი № 40773)

000 -LEADER
fixed length control field 00625nam a2200217Ia 4500
001 - CONTROL NUMBER
control field 7412
003 - CONTROL NUMBER IDENTIFIER
control field GE_BSU
008 - FIXED-LENGTH DATA ELEMENTS--GENERAL INFORMATION
fixed length control field 181216s||||||||xx |||||||||||||| ||und||
040 ## - CATALOGING SOURCE
Transcribing agency GE_BSU
080 ## - UNIVERSAL DECIMAL CLASSIFICATION NUMBER
Universal Decimal Classification number 821.353.1-32
100 ## - MAIN ENTRY--PERSONAL NAME
Personal name დადიანი,შალვა.
245 ## - TITLE STATEMENT
Title წიგნი პირველი.
245 ## - TITLE STATEMENT
Remainder of title ჩანაწერები.
245 ## - TITLE STATEMENT
Statement of responsibility, etc. რედ:გრ.მიქაუტაძე.
260 ## - PUBLICATION, DISTRIBUTION, ETC.
Place of publication, distribution, etc. თბილისი.
260 ## - PUBLICATION, DISTRIBUTION, ETC.
Name of publisher, distributor, etc. ფედერაცია.
260 ## - PUBLICATION, DISTRIBUTION, ETC.
Date of publication, distribution, etc. 1939.
300 ## - PHYSICAL DESCRIPTION
Extent 292გვ;22სმ.
653 ## - INDEX TERM--UNCONTROLLED
Uncontrolled term ჩანაწერები.
942 ## - ADDED ENTRY ELEMENTS (KOHA)
Koha item type წიგნი

არაა ხელმისაწვდომი ეგზემპლარები.